000 00489nam a2200181 a 4500
001 2105
003 CO-ViMGA
008 141112s2004 ck r 000 u spa d
040 _aCO-ViMGA
_bspa
_cCO-ViMGA
082 0 4 _a921 P517v
100 1 _aVallejo Campos, Alvaro
_950863
245 1 0 _aPlaton :
_bel filosofo de Atenas
260 _aBarcelona :
_bMontesinos,
_c1996
300 _a188 p
490 _aBiblioteca de divulgación temática, 65
650 1 4 _aPLATON
_950864
942 _2ddc
_cBK
999 _c14248
_d14248